000 00447nam a22001337a 4500
020 _a9787108038432
082 _a181.11
100 _aLiu, Xiaofeng
245 _aRepublic and Economics: Xiong Shili's "On the Six Classics" (Chinese Edition) /
_cXiaofeng Liu
260 _aChina :
_bSDX Joint Publishing Company,
_c2011.
300 _a304 p. ;
_c19 cm.
880 _6245-02\r
_a共和与经纶 : 熊十力《论六经》/
942 _2ddc
_cBK
999 _c591838
_d591838